LEADER 03843nam 22005892 450 001 996216716603316 005 20151109030844.0 010 $a1-139-81525-3 010 $a1-139-00038-1 035 $a(CKB)1000000000820147 035 $a(SSID)ssj0000371555 035 $a(PQKBManifestationID)11251657 035 $a(PQKBTitleCode)TC0000371555 035 $a(PQKBWorkID)10413062 035 $a(PQKB)11202970 035 $a(UkCbUP)CR9781139000383 035 $a(UK-CbPIL)2047940 035 $a(PPN)16745370X 035 $a(EXLCZ)991000000000820147 100 $a20110114d1995|||| uy| 0 101 0 $aeng 135 $aur||||||||||| 181 $ctxt$2rdacontent 182 $cc$2rdamedia 183 $acr$2rdacarrier 200 04$aThe Cambridge companion to American realism and naturalism /$fedited by Donald Pizer$b[electronic resource] 210 1$aCambridge :$cCambridge University Press,$d1995. 215 $a1 online resource (xvi, 287 pages) $cdigital, PDF file(s) 225 1 $aCambridge companions to literature 300 $aTitle from publisher's bibliographic system (viewed on 09 Nov 2015). 311 $a0-521-43876-4 311 $a0-521-43300-2 327 $aIntroduction : The problem of definition / Donald Pizer -- The American background / Louis J. Budd -- The European background / Richard Lehan -- Recent critical approaches / Michael Anesko -- Expanding the canon of American realism / Elizabeth Ammons -- The portrait of a lady and The rise of Silas Lapham : the company they kept / John W. Crowley -- The realism of Adventures of Huckleberry Finn / Tom Quirk -- The red badge of courage & McTeague : passage to modernity / J.C. Levenson -- What more can Carrie want? Naturalistic ways of consuming women / Blanche H. Gelfant -- The awakening & The house of mirth : plotting experience and experiencing plot / Barbara Hochman -- The call of the wild & The jungle : Jack London's & Upton Sinclair's animal and human jungles / Jacqueline Tavernier-Courbin -- Troubled black humanity in The souls of black folk & The autobiography of an ex-colored man / Kenneth W. Warren. 330 $aThis Companion examines a number of issues related to the terms realism and naturalism. The introduction seeks both to discuss the problems in the use of these two terms in relation to late nineteenth-century fiction and to describe the history of previous efforts to make the terms expressive of American writing of this period. The Companion includes ten essays which fall into four categories: essays on the historical context of realism and naturalism by Louis Budd and Richard Lehan; essays on critical approaches to the movements since the early 1970s by Michael Anesko, essays on the efforts to expand the canon of realism and naturalism by Elizabeth Ammons; and a full-scale discussion of ten major texts, from W. D. Howell's The Rise of Silas Lapham to Jack London's The Call of the Wild, by John W. Crowley, Tom Quirk, J. C. Levenson, Blanche Gelfant, Barbara Hochman, and Jacqueline Tavernier-Courbin. 410 0$aCambridge companions to literature. 517 3 $aThe Cambridge Companion to American Realism & Naturalism 606 $aAmerican fiction$y19th century$xHistory and criticism 606 $aRealism in literature 606 $aNaturalism in literature 606 $aAmerican fiction$y19th century$xHandbooks, manuals, etc 615 0$aAmerican fiction$xHistory and criticism. 615 0$aRealism in literature. 615 0$aNaturalism in literature. 615 0$aAmerican fiction$xHandbooks, manuals, etc. 676 $a810.9/12 702 $aPizer$b Donald 801 0$bUkCbUP 801 1$bUkCbUP 906 $aBOOK 912 $a996216716603316 996 $aThe Cambridge companion to American realism and naturalism$92493378 997 $aUNISA LEADER 01902nam 2200493I 450 001 9910707251803321 005 20160614163407.0 035 $a(CKB)5470000002462990 035 $a(OCoLC)951684536 035 $a(EXLCZ)995470000002462990 100 $a20160614j201605 ua 0 101 0 $aeng 135 $aurcn||||||||| 181 $ctxt$2rdacontent 182 $cc$2rdamedia 183 $acr$2rdacarrier 200 10$aCost-benefit analysis for the advanced near net shape technology (ANNST) method for fabricating stiffened cylinders /$fMary Cecilia Stoner [and three others] 210 1$aHampton, Virginia :$cNational Aeronautics and Space Administration, Langley Research Center,$dMay 2016. 215 $a1 online resource (28 pages) $ccolor illustrations 225 1 $aNASA/TM ;$v2016-219192 300 $aTitle from title screen (viewed June 14, 2016). 300 $a"May 2016." 300 $a"Performing organization: NASA Langley Research Center, Hampton, VA"--Report documentation page. 320 $aIncludes bibliographical references (page 25). 517 $aCost-benefit analysis for the advanced near net shape technology 606 $aCost analysis$2nasat 606 $aCryogenic tanks$2nasat 606 $aCylinders$2nasat 606 $aFabrication$2nasat 606 $aProduction costs$2nasat 615 7$aCost analysis. 615 7$aCryogenic tanks. 615 7$aCylinders. 615 7$aFabrication. 615 7$aProduction costs. 700 $aStoner$b Mary Cecilia$01404389 712 02$aLangley Research Center, 712 02$aUnited States.$bNational Aeronautics and Space Administration, 801 0$bGPO 801 1$bGPO 906 $aBOOK 912 $a9910707251803321 996 $aCost-benefit analysis for the advanced near net shape technology (ANNST) method for fabricating stiffened cylinders$93478882 997 $aUNINA LEADER 01674nas 2200553-a 450 001 996259949903316 005 20230522010532.0 011 $a1878-7533 035 $a(DE-599)ZDB2179369-4 035 $a(OCoLC)58550646 035 $a(CKB)111088197764358 035 $a(CONSER)--2013250594 035 $a(EXLCZ)99111088197764358 071 52$a703772$bElsevier 100 $a20050322a20059999 s-- - 101 0 $aeng 135 $aurcn||||||||| 181 $ctxt$2rdacontent 182 $cc$2rdamedia 183 $acr$2rdacarrier 200 00$aSurgery for obesity and related diseases 210 $a[Amsterdam] ;$a[New York] $cElsevier$d2005- 215 $a1 online resource 300 $aRefereed/Peer-reviewed 311 $a1550-7289 517 1 $aSurg Obes Relat Dis 531 $aSURG OBES RELAT DIS 531 $aSURGERY FOR OBESITY & RELATED DISEASES 531 $aSURG. OBES. RELAT. DIS 531 1 $aSurg. obes. relat. dis. 606 $aObesity$xSurgery$vPeriodicals 606 $aObesity, Morbid$xsurgery 606 $aBariatrics 606 $aDigestive System Surgical Procedures 606 $aObesity$xSurgery$2fast$3(OCoLC)fst01042763 608 $aPeriodical 608 $aPeriodicals.$2fast 608 $aPeriodicals.$2lcgft 615 0$aObesity$xSurgery 615 2$aObesity, Morbid$xsurgery 615 2$aBariatrics 615 2$aDigestive System Surgical Procedures 615 7$aObesity$xSurgery. 676 $a617.43 712 02$aAmerican Society for Bariatric Surgery. 906 $aJOURNAL 912 $a996259949903316 996 $aSurgery for obesity and related diseases$92374524 997 $aUNISA